| 000 | 01751cam a2200397 a 4500 | ||
|---|---|---|---|
| 999 |
_c57534 _d57534 |
||
| 001 | 14576346 | ||
| 005 | 20200702140127.0 | ||
| 008 | 060929s2007 njua bf 001 0 eng | ||
| 010 | _a 2006032496 | ||
| 015 |
_aGBA732859 _2bnb |
||
| 016 | 7 |
_a013735773 _2Uk |
|
| 020 | _a9780470041413 (pbk.) | ||
| 020 | _a0470041412 (pbk.) | ||
| 020 | _a9780470396070 | ||
| 035 | _a(OCoLC)ocm72353657 | ||
| 035 | _a(OCoLC)72353657 | ||
| 040 |
_aDLC _cDLC _dBAKER _dBTCTA _dUKM _dC#P _dYDXCP _dDLC |
||
| 041 | _aeng | ||
| 050 | 0 | 0 |
_aTK5101 _b.H6655 2007 |
| 080 | _a621.397 H-80 | ||
| 082 | 0 | 0 |
_a621.382 _222 |
| 100 | 1 |
_aHorak, Ray. _99016 |
|
| 245 | 1 | 0 |
_aTelecommunications and data communications handbook / _cRay Horak. |
| 260 |
_aHoboken, N.J. : _bWiley-Interscience, _cc2007. |
||
| 300 |
_axxxviii, 791 p. : _bill. ; _c26 cm. |
||
| 504 | _aIncludes bibliographical references and index. | ||
| 650 | 0 |
_aTelecommunication _vHandbooks, manuals, etc. _99017 |
|
| 650 | 0 |
_aDigital communications _vHandbooks, manuals, etc. _99018 |
|
| 653 | _a ელექტრონული კომუნიკაციებისა და მონაცემთა კომუნიკაციების სახელმძღვანელო | ||
| 856 | 4 | 1 |
_3Table of contents only _uhttp://www.loc.gov/catdir/toc/ecip072/2006032496.html |
| 856 | 4 | 2 |
_3Contributor biographical information _uhttp://www.loc.gov/catdir/enhancements/fy0741/2006032496-b.html |
| 856 | 4 | 2 |
_3Publisher description _uhttp://www.loc.gov/catdir/enhancements/fy0741/2006032496-d.html |
| 906 |
_a7 _bcbc _corignew _d1 _eecip _f20 _gy-gencatlg |
||
| 942 |
_2udc _cBK |
||
| 955 |
_ajf03 2006-09-29 _cjf03 2006-09-29 to Subj.; _aaa20 2006-10-06 _aps13 2007-11-08 1 copy rec'd., to CIP ver. |
||